| 000 | 00658nam a22001337a 4500 | ||
|---|---|---|---|
| 040 | _cRUA | ||
| 082 | _aAGR HEN 2012 B052 Or.1 | ||
| 100 | _aHENG PHEARUN | ||
| 245 | _aThe quality evaluation of bok choy through packaging materials (Kandal-siem reap),(ការវាយតម្លៃគុណភាពស្ពៃតឿតាមរយៈការប្រើប្រាស់បរិក្ខាវេចខ្ចប់ (ខេត្តកណ្ដាល-សៀមរាប) | ||
| 260 |
_aphnom penh _bRUA _c2012 |
||
| 300 |
_axi, 38p. _cill. |
||
| 856 | _uhttps://drive.google.com/file/d/1Bk3hQyoF5ixUhSsnROflA7m5IXvjNTCq/view?usp=sharing | ||
| 942 | _cAGR | ||
| 999 |
_c1221 _d1221 |
||